000 00250nam a2200133Ia 4500
100 _aAnfilov/G
942 _cBK
654 _aMusic
245 _aPhysics& Music
260 _bMir Publishers
082 _a781
300 _a252
546 _aENGLISH
999 _c33306
_d33306